Účtovanie o hospodárskom výsledku

Vyčíslenie hospodárskeho výsledku pri účtovnej závierke a jeho vykázanie v súvahe v riadku 78 a v rovnakej výške vo výkaze ziskov a strát v riadku 60. Účet 431 - Hospodársky výsledok. Účtovné zápisy v prípade zisku a straty. Poradie rozdelenia účtovného zápisu. Poradie rozdelenia zisku spoločnosti....

Descripción completa

Guardado en:
Detalles Bibliográficos
Autor principal: Šlosárová, Anna
Formato: Capítulo de libro
Lenguaje:eslovaco
Materias:
Etiquetas: Agregar Etiqueta
Sin Etiquetas, Sea el primero en etiquetar este registro!

MARC

LEADER 00000naa a2200000 4500
001 r027278
005 20230912112143.0
041 0 |a slo 
044 |a SK 
245 1 0 |a Účtovanie o hospodárskom výsledku  |c Anna Šlosárová 
520 |a Vyčíslenie hospodárskeho výsledku pri účtovnej závierke a jeho vykázanie v súvahe v riadku 78 a v rovnakej výške vo výkaze ziskov a strát v riadku 60. Účet 431 - Hospodársky výsledok. Účtovné zápisy v prípade zisku a straty. Poradie rozdelenia účtovného zápisu. Poradie rozdelenia zisku spoločnosti. Niektoré príklady účtovania o hospodárskom výsledku v spoločnosti s ručením obmedzeným. Rozdelenie účtovného zisku akciovej spoločnosti. 
610 2 0 |a výsledok hospodársky 
610 2 0 |a zápisy účtovné 
610 2 0 |a účtovanie 
610 2 0 |a zisk 
610 2 0 |a rozdeľovanie zisku 
610 2 0 |a fond rezervný 
610 2 0 |a prípady účtovné 
610 2 0 |a spoločnosti s r.o. 
610 2 0 |a spoločnosti akciové 
610 2 0 |a účty súvahové 
100 1 |a Šlosárová, Anna